| 000 | 00915cam a2200265 a 4500 | ||
|---|---|---|---|
| 001 | 000018485 | ||
| 003 | UkOxU | ||
| 005 | 20200929165819.0 | ||
| 008 | 880808s1965 sp b 000 fdspa d | ||
| 035 | _aoxf98401157 | ||
| 040 |
_aDO-SdBNP _bspa _dOCL _dBNPHU |
||
| 082 |
_a843.8 _bC112c |
||
| 100 | 1 |
_aCaballero, Fernán, _q(Cecilia Böhl de Faber y Larrea), _d1796-1877. _939990 |
|
| 245 | 1 | 0 |
_aCuadros de costumbres / _cFernán Caballero (Cecilia Böhl de Faber) ; introducción de José Hesse. |
| 260 |
_aMadrid : _bTaurus, _cc1965. |
||
| 300 |
_a174 p. ; _c19 cm. |
||
| 490 | 1 |
_aSer y tiempo _aTemas de España _v38 |
|
| 504 | _aBibliografía: p. 28. | ||
| 650 | 4 |
_aNovela suiza _913268 |
|
| 650 | 4 |
_aLiteratura suiza _ySIGLO XIX _939991 |
|
| 700 | 1 |
_aHasse, José, _eintrod. _939992 |
|
| 830 | 0 |
_aSer y tiempo ; _pTemas de España ; _v38. _939657 |
|
| 910 | _aCatalogación por derivada /Oxford | ||
| 049 | _aBNGR | ||
| 999 |
_c18005 _d18005 |
||